000 00520nam a2200133Ia 4500
008 100328s9999 xx 000 0 und d
082 _b68787
100 _aनगर्सेकर अमिता आणि नगर्सेकर सुरेश.
245 _aशरीर संतुलन चिकित्सा.
260 _bमनोरमा.
630 _aशरीर संतुलन चिकित्सा.
730 _aशरीर संतुलन चिकित्सा.
942 _cBOOK
999 _c554522
_d554519